Luvun 13 monikertoja - Statistics

Yleistilastot
  • Tätä visaa on pelattu 381 kertaa
  • Keskiarvotulos 12 / 13
Vastaustilastot
Lasku Vastaus % Oikein
13 x 1 13
96%
13 x 10 130
95%
13 x 2 26
94%
13 x 3 39
94%
13 x 4 52
91%
13 x 5 65
90%
13 x 6 78
87%
13 x 9 117
86%
13 x 7 91
86%
13 x 8 104
85%
13 x 11 143
83%
13 x 12 156
83%
13 x 13 169
81%
Ehtoja vastaavia visoja ei löytynyt
Tulosjakauma
Jokaisen tuloksen saaneiden osuus
Persentiili vastausten määrän mukaan
Tuloshistoriasi
Et ole pelannut tätä visaa